Formula 1's Longest Interview Question - Statistics

General Stats
  • This quiz has been taken 486 times
  • The average score is 53 of 122
Answer Stats
Answer % Correct
a
93%
'I
92%
I
92%
the
85%
you
79%
car.'
73%
car
73%
to
72%
is
67%
drive
62%
on
61%
and
57%
And
57%
for
56%
he
56%
what
54%
What
54%
One
49%
race -
49%
race?
49%
are
47%
that
45%
said
44%
wheel.
43%
wheel,
43%
past.
42%
button
41%
monkey,
40%
your
40%
back
39%
my
39%
Question
39%
Formula
38%
Lauda
38%
us
38%
Or
37%
Sebastian
37%
Niki
36%
short
36%
Gentlemen,
35%
more
35%
more?
35%
too
35%
view
35%
Nico
34%
like
33%
'take
33%
years
33%
told
32%
able
31%
ago,
31%
buttons
31%
buttons,
31%
had
31%
him
31%
Less
31%
less
31%
with
31%
start
29%
don't
28%
into
28%
it's
28%
Rosberg
28%
Thirty
28%
complicated.'
27%
complicated
27%
computer,
26%
cockpit
25%
wrong
25%
later,
24%
during
23%
place
23%
pressed
23%
under
23%
very
23%
driving
22%
today
22%
remember
21%
communication
20%
twenty
20%
both:
18%
engineers?
18%
much
18%
future
17%
pressure?
16%
effort,
11%
technical
11%
wishes
11%
concerning
8%
programme
6%
No matching quizzes found
Score Distribution
Percent of People with Each Score
Percentile by Number Answered
Your Score History
You have not taken this quiz